000 00949mam a2200241 a 4500
020 _a8173041539
082 0 0 _a327.1/747/0954
_bCHA
_cN-01, P-48
245 0 0 _aNuclear-non-proliferation in India and Pakistan :
_bSouth Asian perspectives /
_cedited by P.R. Chari, Pervaiz Iqbal Cheema, Iftekharuzzaman.
260 _aNew Delhi :
_bManohar,
_c1996.
300 _a236 p. ;
_c23 cm.
500 _a"Regional Centre for Strategic Studies, Colombo."
520 _aCollection of essays.
526 _a0
_b0
_c0
_d327_174709540000000_CHA
650 0 _aNuclear arms control
_zSouth Asia.
_912991
650 0 _aNuclear nonproliferation.
_920630
650 0 _aNuclear weapons
_zIndia.
_937422
650 0 _aNuclear weapons
_zPakistan.
_912988
700 0 _aIftekharuzzaman.
_937423
700 1 _aChar, P. R.
_937424
700 1 _aCheema, Pervaiz Iqbal,
_937425
710 2 _aRegional Centre for Strategic Studies (Colombo, Sri Lanka)
_937426
942 _2ddc
_cBK
999 _c542289
_d542289